Pokémon - Les attaques de Ténéfix - Statistiques

Statistiques générales
  • Ce quiz a été pris 16 fois
  • Le résultat moyen est 12 sur 18
Statistiques - réponses
Niveaux Types Noms des attaques % Correct
Niveau 45 Spectre Ball'Ombre
89%
Niveau 3 Spectre Étonnement
89%
Départ Normal Groz'Yeux
89%
Niveau 9 Spectre Ombre Portée
89%
Niveau 39 Roche Rayon Gemme
89%
Niveau 18 Combat Détection
78%
Départ Normal Griffe
78%
Niveau 33 Spectre Griffe Ombre
78%
Niveau 6 Spectre Onde Folie
78%
Niveau 27 Ténèbres Sabotage
78%
Niveau 24 Normal Combo-Griffe
67%
Niveau 21 Spectre Ombre Nocturne
67%
Niveau 48 Ténèbres Tricherie
56%
Niveau 36 Normal Regard Noir
44%
Niveau 12 Normal Bluff
33%
Niveau 42 Psy Psykoud'Boul
33%
Niveau 30 Ténèbres À la Queue
22%
Niveau 15 Normal Entrave
22%
Aucun quiz correspondant
Distribution des résultats
% des personnes avec chaque résultat
Percentile par nombre de réponses
Votre historique - résultats
Vous n’avez pas pris ce quiz